000 00732nam a22002177a 4500
999 _c12711
_d12711
003 AR-CdUCM
008 190410b ||||| |||| 00| 0 spa d
040 _aMUNICIPALIDAD PROVINCIAL DEL CUSCO
_cBIBLIOTECA MUNICIPAL DEL CUSCO
082 _aEP / 803 /
_bZ54
100 _aZea Guzman, Maribel
_930714
245 _aWayrapa Yakupa Allpapa Mañakuyniyku /
260 _aApurimac :
_bPixelstudios,
_c2009.
300 _a12 paginas ;
_bIlustraciones, Graficos, Dibujos,
_c21 cm.
500 _aTexto educativo para niños en quechua
650 _aCuento
_94671
650 _aTexto educativo
_925832
650 _aHistoria
_9136
700 _aCabrera Medina, Gina Milagros
_930715
942 _2ddc
_cLIBROS
945 _apjha
_d2019-04-10